[Event "Landesliga Sued 1213 U20"]
[Site "Bayern"]
[Date "2013.03.02"]
[Round "7.2"]
[White "Eichler, Alexander"]
[Black "Baumhoer, Laurenz"]
[Result "1-0"]
[WhiteElo "1692"]
[BlackElo "1405"]
[PlyCount "61"]
[EventDate "2012.10.20"]
[EventType "team-tourn"]
[EventRounds "7"]
[EventCountry "GER"]
[SourceTitle "EXT 2020"]
[Source "ChessBase"]
[SourceDate "2019.10.17"]
[SourceVersion "1"]
[SourceVersionDate "2019.10.17"]
[SourceQuality "1"]
[WhiteTeam "Muenchen Tarrasch U20"]
[BlackTeam "Ismaning U20"]
[WhiteTeamCountry "GER"]
[BlackTeamCountry "GER"]

1. e4 e5 2. Nf3 d6 3. Nc3 Nc6 4. Bc4 Nf6 5. d3 Bg4 6. Be3 Be7 7. Qd2 Qd7 8. h3 Bh5 9. Bb3 h6 10. 0-0-0 0-0-0 11. g4 Bg6 12. Rdg1 h5 13. g5 Nh7 14. h4 Nf8 15. d4 exd4 16. Nxd4 Ne6 17. f4 Ncxd4 18. Bxd4 c5 19. Bxe6 fxe6 20. Bxg7 Rhg8 21. Bh6 Qc6 22. Re1 Bf8 23. Bxf8 Rdxf8 24. Rhf1 b5 25. Qe3 b4 26. Nd1 d5 27. exd5 exd5 28. Qe6+ Qd7 29. Re5 Qxe6 30. Rxe6 Kd7 31. Ra6 1-0